[Event "San Cristobal de La Laguna op 6th"]
[Site "San Cristobal de La Laguna"]
[Date "2024.08.29"]
[Round "7"]
[White "Martinez Rojas, Carlos Jose"]
[Black "Roselli Mailhe, Bernardo"]
[Result "0-1"]
[WhiteElo "1984"]
[BlackElo "2362"]
[PlyCount "64"]
[EventDate "2024.08.24"]
[EventType "swiss"]
[EventRounds "9"]
[EventCountry "ESP"]
[SourceTitle "CB36_2024"]
[SourceDate "2024.09.04"]
[SourceVersion "1"]
[SourceVersionDate "2024.09.04"]
[SourceQuality "1"]

1. c4 g6 2. Nc3 Bg7 3. d4 Nf6 4. e4 d6 5. h3 0-0 6. Be3 Na6 7. g4 c5 8. d5 Nc7 9. Qd2 b5 10. f3 bxc4 11. 0-0-0 Ba6 12. Bh6 Bh8 13. Nge2 Rb8 14. h4 Nb5 15. Nxb5 Rxb5 16. Nc3 Rb6 17. h5 Re8 18. hxg6 fxg6 19. Qh2 Nd7 20. Bf4 Nf8 21. Qd2 Qc7 22. Rh2 Reb8 23. Qe1 Qb7 24. Qd2 Qc7 25. Qe1 Rb4 26. Be3 Qa5 27. Bh6 Rxb2 28. Rxb2 Qa3 29. Rdd2 Bxc3 30. Kd1 Rxb2 31. Rxb2 Qxb2 32. Qe3 Bb5 0-1

[Event "San Cristobal de La Laguna op 6th"]
[Site "San Cristobal de La Laguna"]
[Date "2024.08.24"]
[Round "1"]
[White "Han, Qixiang"]
[Black "Roselli Mailhe, Bernardo"]
[Result "0-1"]
[WhiteElo "1998"]
[BlackElo "2362"]
[PlyCount "115"]
[EventDate "2024.08.24"]
[EventType "swiss"]
[EventRounds "9"]
[EventCountry "ESP"]
[SourceTitle "CB36_2024"]
[SourceDate "2024.09.04"]
[SourceVersion "1"]
[SourceVersionDate "2024.09.04"]
[SourceQuality "1"]

1. d4 Nf6 2. c4 e6 3. Nf3 Bb4+ 4. Bd2 a5 5. a3 Bxd2+ 6. Qxd2 d6 7. Nc3 b6 8. e4 Bb7 9. Bd3 Nbd7 10. 0-0 e5 11. dxe5 Nxe5 12. Be2 Nxf3+ 13. Bxf3 0-0 14. Rad1 Nd7 15. Be2 a4 16. Qf4 Qe7 17. Rfe1 Nc5 18. Nd5 Bxd5 19. exd5 Rae8 20. Qd2 Qf6 21. Qd4 Qxd4 22. Rxd4 Re7 23. Kf1 Rfe8 24. Rdd1 f5 25. g3 Kf7 26. Bh5+ g6 27. Rxe7+ Rxe7 28. Be2 Kf6 29. Bd3 g5 30. Bc2 Re8 31. Rd4 Ke5 32. Rd1 Rb8 33. Rd2 h6 34. f3 b5 35. cxb5 Rxb5 36. Bd1 Nb3 37. Bxb3 Rxb3 38. f4+ gxf4 39. gxf4+ Kxf4 40. Rd4+ Ke3 41. Rxa4 Rxb2 42. Rc4 Rxh2 43. Rxc7 Ke4 44. Rf7 Rd2 45. Rf6 Rxd5 46. Rxh6 Rd3 47. Ke2 Rd4 48. a4 Ke5 49. a5 Ra4 50. Rh8 Rxa5 51. Re8+ Kf4 52. Rd8 Re5+ 53. Kf2 d5 54. Ra8 d4 55. Ra4 Ke4 56. Ke2 Rb5 57. Ra2 Rb8 58. Kf2 0-1

[Event "Dulles Cherry Blossom op 10th"]
[Site "Dulles"]
[Date "2023.05.28"]
[Round "7"]
[White "Girsh, Daniel"]
[Black "Roselli Mailhe, Bernardo"]
[Result "1/2-1/2"]
[WhiteElo "2123"]
[BlackElo "2380"]
[PlyCount "136"]
[EventDate "2023.05.24"]
[EventType "swiss"]
[EventRounds "9"]
[EventCountry "USA"]
[SourceTitle "CBM 214 Extra"]
[Source "ChessBase"]
[SourceDate "2023.07.31"]
[SourceVersion "1"]
[SourceVersionDate "2023.07.31"]
[SourceQuality "1"]

1. Nf3 Nf6 2. c4 e6 3. g3 b6 4. Bg2 Bb7 5. 0-0 Be7 6. d4 0-0 7. Nc3 Ne4 8. Qc2 Nxc3 9. Qxc3 d6 10. Rd1 Nd7 11. d5 e5 12. e4 a5 13. b3 Nc5 14. Qe3 Bc8 15. Bb2 f5 16. exf5 Bxf5 17. Re1 Nd3 18. Re2 Nxb2 19. Rxb2 h6 20. Re1 Qd7 21. Rbe2 Bg4 22. h4 Qf5 23. Nd2 Bxe2 24. Rxe2 g5 25. Be4 Qf7 26. hxg5 Bxg5 27. Qd3 Bxd2 28. Qxd2 Qg7 29. Kg2 a4 30. b4 Qg5 31. Qxg5+ hxg5 32. a3 g4 33. Kg1 Rf6 34. b5 Kg7 35. Kg2 Raf8 36. Kg1 Kh6 37. Kf1 Kg5 38. Kg1 Rh8 39. Re3 Rf7 40. Re2 Rh6 41. Re3 Rhf6 42. Re2 Rf8 43. Kf1 Re8 44. Re3 Re7 45. Kg1 Ref7 46. Re2 Rg7 47. Re3 Rf8 48. Kf1 Rgf7 49. Re2 Rf3 50. Bxf3 Rxf3 51. Re3 Rf7 52. c5 bxc5 53. Re4 Rf3 54. Rxa4 Rb3 55. Ra7 Rxb5 56. Rxc7 c4 57. Rxc4 Rxd5 58. a4 Kf5 59. Ke2 e4 60. Rb4 Rd3 61. Rb5+ d5 62. Rb8 Ra3 63. Ra8 d4 64. a5 Ra2+ 65. Ke1 Ra1+ 66. Kd2 Ra2+ 67. Ke1 Ra1+ 68. Kd2 Ra2+ 1/2-1/2

[Event "URU-ch 93rd"]
[Site "Montevideo"]
[Date "2023.04.07"]
[Round "10"]
[White "Ressia, Lorenzo"]
[Black "Roselli Mailhe, Bernardo"]
[Result "0-1"]
[WhiteElo "1928"]
[BlackElo "2376"]
[PlyCount "60"]
[EventDate "2023.03.31"]
[EventType "tourn"]
[EventRounds "11"]
[EventCountry "URU"]
[SourceTitle "CBM 213 Extra"]
[Source "ChessBase"]
[SourceDate "2023.05.31"]
[SourceVersion "1"]
[SourceVersionDate "2023.05.31"]
[SourceQuality "1"]

1. d4 e6 2. c4 Bb4+ 3. Nc3 f5 4. Nf3 Nf6 5. Bg5 h6 6. Bxf6 Bxc3+ 7. bxc3 Qxf6 8. e3 b6 9. Be2 Bb7 10. 0-0 0-0 11. Ne5 d6 12. Bf3 c6 13. Nd3 e5 14. Be2 c5 15. d5 e4 16. Nf4 Nd7 17. Ne6 Rf7 18. Qb3 Ne5 19. f4 exf3 20. gxf3 Re8 21. f4 Qg6+ 22. Kf2 Ng4+ 23. Bxg4 Qxg4 24. Qd1 Qh3 25. Ke2 Qxh2+ 26. Rf2 Qh5+ 27. Kd3 Qxd1+ 28. Rxd1 Bc8 29. Kc2 Bxe6 30. dxe6 Rxe6 0-1

[Event "Montevideo Duchamp Cup 6th"]
[Site "Montevideo"]
[Date "2023.02.07"]
[Round "5"]
[White "Fier, Alexandr"]
[Black "Roselli Mailhe, Bernardo"]
[Result "1-0"]
[WhiteElo "2606"]
[BlackElo "2372"]
[PlyCount "141"]
[EventDate "2023.02.03"]
[EventType "swiss"]
[EventRounds "9"]
[EventCountry "URU"]
[SourceTitle "CBM 212 Extra"]
[Source "ChessBase"]
[SourceDate "2023.03.31"]
[SourceVersion "1"]
[SourceVersionDate "2023.03.31"]
[SourceQuality "1"]

1. e4 e5 2. Nf3 Nc6 3. Bc4 Bc5 4. c3 Nf6 5. d3 d6 6. Bg5 h6 7. Bh4 a5 8. Nbd2 0-0 9. 0-0 Be6 10. Bb5 Ba7 11. Kh1 Nb8 12. d4 c6 13. Bd3 Nbd7 14. Ne1 g5 15. Bg3 Qe7 16. Nc2 Rfe8 17. Qe2 Bg4 18. Qe1 Nf8 19. Ne3 Ng6 20. Nxg4 Nxg4 21. Nc4 Nf4 22. Bxf4 gxf4 23. f3 Ne3 24. Nxe3 fxe3 25. Qxe3 Qf6 26. f4 exd4 27. Qh3 dxc3 28. bxc3 Re6 29. Rf3 Rae8 30. Raf1 Bc5 31. e5 Qh8 32. Qh5 Kf8 33. Bf5 R6e7 34. e6 Rxe6 35. Bxe6 Rxe6 36. f5 Re5 37. Qh4 Ke8 38. f6 Kd8 39. Qa4 Kc7 40. Qxa5+ Bb6 41. Qb4 Qe8 42. Qh4 h5 43. Qh3 Qa8 44. Rf5 Qa6 45. Qf3 Rxf5 46. Qxf5 Qc4 47. Qf3 Bc5 48. g3 b5 49. Re1 Kb6 50. Re2 d5 51. Kg2 h4 52. g4 d4 53. cxd4 Bxd4 54. Kh3 Bxf6 55. Re4 Qc2 56. Rf4 Bg5 57. Rxf7 Qxa2 58. Rg7 Qd2 59. Qa3 b4 60. Qa7+ Kb5 61. Qb8+ Ka4 62. Qa8+ Kb3 63. Qg8+ Kc2 64. Rxg5 Qe3+ 65. Kxh4 Qf2+ 66. Kh5 Qxh2+ 67. Kg6 Qd6+ 68. Kh7 b3 69. Qg6+ Qxg6+ 70. Rxg6 c5 71. Rc6 1-0

[Event "Montevideo Duchamp Cup 6th"]
[Site "Montevideo"]
[Date "2023.02.05"]
[Round "3"]
[White "Francisco Guecamburu, Candela Be"]
[Black "Roselli Mailhe, Bernardo"]
[Result "0-1"]
[WhiteElo "2279"]
[BlackElo "2372"]
[PlyCount "110"]
[EventDate "2023.02.03"]
[EventType "swiss"]
[EventRounds "9"]
[EventCountry "URU"]
[SourceTitle "CBM 212 Extra"]
[Source "ChessBase"]
[SourceDate "2023.03.31"]
[SourceVersion "1"]
[SourceVersionDate "2023.03.31"]
[SourceQuality "1"]

1. e4 e6 2. d4 d5 3. Nc3 Bb4 4. Qd3 Nf6 5. exd5 exd5 6. Bg5 h6 7. Bh4 g5 8. Bg3 Ne4 9. Nge2 Nc6 10. 0-0-0 Nxg3 11. Nxg3 Be6 12. Nh5 Kd7 13. f4 gxf4 14. Nxf4 Qg5 15. g3 Bd6 16. Qd2 Rag8 17. Nce2 h5 18. Nxe6 Qxd2+ 19. Kxd2 fxe6 20. Bh3 h4 21. c3 Nd8 22. Rde1 Rh6 23. Reg1 Nf7 24. Ke3 Ng5 25. Bg4 hxg3 26. hxg3 Rxh1 27. Rxh1 Ne4 28. Rh7+ Be7 29. Bf3 Nxg3 30. Nxg3 Rxg3 31. Rh8 a5 32. Kf2 Rg6 33. Bh5 Rf6+ 34. Ke2 Kd6 35. a4 Rf4 36. Be8 c5 37. dxc5+ Kxc5 38. Rh7 Kd6 39. Bb5 Rg4 40. Kf2 e5 41. Rf7 e4 42. Rh7 Ke6 43. Rh6+ Ke5 44. Rh5+ Ke6 45. Rh6+ Bf6 46. Bd7+ Kxd7 47. Rxf6 Rh4 48. Rb6 Kc7 49. Rb5 Kc6 50. Kg3 e3 51. Kf3 Rxa4 52. Rb3 Re4 53. Ke2 b5 54. Ra3 a4 55. Ra1 Kc5 0-1

[Event "Montevideo Trebejos 50 Anniv op"]
[Site "Montevideo"]
[Date "2022.09.23"]
[Round "7"]
[White "Roselli Mailhe, Bernardo"]
[Black "Saldano Dayer, Horacio"]
[Result "0-1"]
[WhiteElo "2391"]
[BlackElo "2392"]
[PlyCount "94"]
[EventDate "2022.09.17"]
[EventType "swiss"]
[EventRounds "9"]
[EventCountry "URU"]
[SourceTitle "EXT 2023"]
[Source "ChessBase"]
[SourceDate "2022.10.05"]
[SourceVersion "1"]
[SourceVersionDate "2022.10.05"]
[SourceQuality "1"]

1. d4 d5 2. c4 e6 3. Nc3 Nf6 4. Bg5 Bb4 5. Qa4+ Nc6 6. e3 h6 7. Bh4 g5 8. Bg3 Ne4 9. Nge2 h5 10. f3 Nxg3 11. hxg3 Bd7 12. Qb3 Qe7 13. c5 b6 14. a3 Ba5 15. Qc2 bxc5 16. dxc5 Qxc5 17. b4 Nxb4 18. axb4 Bxb4 19. Kf2 a5 20. Qb2 Ke7 21. Na4 Bxa4 22. Rxa4 Rab8 23. Qa1 Qb6 24. f4 g4 25. Ra2 c5 26. f5 d4 27. Nf4 Bc3 28. Qc1 Qb3 29. Rc2 Bb2 30. Rxb2 Qxb2+ 31. Be2 Qxc1 32. Rxc1 Kd6 33. Rc2 e5 34. Nd3 Rhc8 35. Nb2 e4 36. Bc4 d3 37. Rd2 Rb4 38. f6 Rcb8 39. Nxd3 exd3 40. Rxd3+ Ke5 41. Rd5+ Kxf6 42. Rxc5 Rb2+ 43. Kg1 Rc2 44. Rc6+ Kg7 45. Rc7 Rb1+ 46. Kh2 Rcc1 47. Rxf7+ Kg6 0-1